LEADER 00892nam0-22003131i-450- 001 990003037190403321 035 $a000303719 035 $aFED01000303719 035 $a(Aleph)000303719FED01 035 $a000303719 100 $a20000920d1975----km-y0itay50------ba 101 0 $aita 102 $aIT 200 1 $aControcorrente$eRealtà di oggi e teorie di ieri$fGunnar Myrdal. 210 $aBari$cLaterza$d1975. 215 $aVIII, 260 p.$d18 cm 225 1 $aLibri del tempo Laterza$v148 300 $a[Trad. di : Against the Stream : Critical Essays on Economics] 540 0 $aAgainst the Stream 676 $aD/8.20 702 1$aMyrdal,$bGunnar$f<1898-1987> 801 0$aIT$bUNINA$gRICA$2UNIMARC 901 $aBK 912 $a990003037190403321 952 $aD/8.20 MYR/75$b7424/I$fSES 959 $aSES 996 $aControcorrente$9463783 997 $aUNINA DB $aING01 LEADER 01805oam 2200589zu 450 001 9910693955403321 005 20210721054657.0 035 $a(CKB)1000000000721870 035 $a(SSID)ssj0000136036 035 $a(PQKBManifestationID)12035495 035 $a(PQKBTitleCode)TC0000136036 035 $a(PQKBWorkID)10082829 035 $a(PQKB)11299336 035 $a(MiAaPQ)EBC5441320 035 $a(GPO)apn2005-012721 035 $a(OCoLC)61050760 035 $a(Au-PeEL)EBL5441320 035 $a(CaPaEBR)ebr11589126 035 $a(OCoLC)315179369 035 $a(EXLCZ)991000000000721870 100 $a20160829d2009 uy 101 0 $aeng 135 $aurcnu|||||||| 181 $ctxt 182 $cc 183 $acr 200 10$aDeer 205 $a1st ed. 210 31$a[Place of publication not identified]$cLerner Publications$d2009 215 $a1 online resource (28 pages) 225 0 $aFirst step nonfiction. Animal life cycles Deer 300 $aBibliographic Level Mode of Issuance: Monograph 311 08$a0-7613-4067-X 327 $aCover -- Title Page -- Adult Deer -- Deer Facts -- Glossary -- Index -- Copyright Information -- Back Cover. 330 $aA basic overview of the life cycle of a deer. 410 0$aFirst Step Nonfiction -- Animal Life Cycles Series 606 $aDeer$vJuvenile literature 606 $aZoology$2HILCC 606 $aHealth & Biological Sciences$2HILCC 606 $aVertebrates$2HILCC 615 0$aDeer 615 7$aZoology 615 7$aHealth & Biological Sciences 615 7$aVertebrates 676 $a599.65 700 $aNelson$b Robin$0756505 712 02$aWildlife Services (U.S.) 801 0$bPQKB 906 $aBOOK 912 $a9910693955403321 996 $aDeer$93124930 997 $aUNINA